| 000 | 00673nam a2200169 i 4500 | ||
|---|---|---|---|
| 001 | 59894 | ||
| 003 | ES-MaACL | ||
| 005 | 20230906164122.0 | ||
| 007 | t| | ||
| 008 | 031031s1927 sp ||||1| spa d | ||
| 245 | 0 | 0 | _aEscalafón General del Cuerpo Facultativo de Archiveros, Bibliotecarios y Arqueólogos en 1º de Abril de 1927. |
| 260 |
_aMadrid : _bDirección General de Bellas Artes, _c1927 ( _fTip. Artística) |
||
| 300 |
_a103 p. ; _c12 x 17 cm. |
||
| 594 | _aPrecede al tít.: Ministerio de Instrucción Pública y Bellas Artes. | ||
| 610 | 2 | 4 |
_aCuerpo Facultativo de Archiveros, Bibliotecarios y Arqueólogos- _vEscalafones. _9160831 |
| 852 |
_aES-MaACL _j1712-F-3 |
||
| 999 |
_c59894 _d59894 |
||